BSOP header

Little men / (Record no. 48868)

MARC details
000 -LEADER
fixed length control field 01970cam a22005054a 4500
001 - CONTROL NUMBER
control field 54001571
003 - CONTROL NUMBER IDENTIFIER
control field TLC
005 - DATE AND TIME OF LATEST TRANSACTION
control field 20191113161602.0
008 - FIXED-LENGTH DATA ELEMENTS--GENERAL INFORMATION
fixed length control field 031212t20042004nyu c b 000 1 eng
010 ## - LIBRARY OF CONGRESS CONTROL NUMBER
LC control number 2003070372
020 ## - INTERNATIONAL STANDARD BOOK NUMBER
International Standard Book Number 0451529359 (pbk.)
020 ## - INTERNATIONAL STANDARD BOOK NUMBER
International Standard Book Number 9780451529350 (pbk.)
035 ## - SYSTEM CONTROL NUMBER
System control number (OCoLC)54001571
035 ## - SYSTEM CONTROL NUMBER
System control number (OCoLC)54001571
035 ## - SYSTEM CONTROL NUMBER
System control number (Sirsi) i9780451529350
040 ## - CATALOGING SOURCE
Original cataloging agency DLC
Transcribing agency DLC
Modifying agency IG#
-- BAKER
-- BTCTA
-- YDXCP
-- OCLCG
-- BNY
-- KAAUA
-- JP3
-- WAU
-- BDX
042 ## - AUTHENTICATION CODE
Authentication code lcac
043 ## - GEOGRAPHIC AREA CODE
Geographic area code n-usn--
049 ## - LOCAL HOLDINGS (OCLC)
Holding library TAMA
100 1# - MAIN ENTRY--PERSONAL NAME
Personal name Alcott, Louisa May,
Dates associated with a name 1832-1888.
245 10 - TITLE STATEMENT
Title Little men /
Statement of responsibility, etc Louisa May Alcott ; illustrated by David k. Stone.
260 ## - PUBLICATION, DISTRIBUTION, ETC. (IMPRINT)
Place of publication, distribution, etc Wisconsin :
Name of publisher, distributor, etc Whitman,
Date of publication, distribution, etc 1965.
264 #4 - PRODUCTION, PUBLICATION, DISTRIBUTION, MANUFACTURE STATEMENTS
Date of production, publication, distribution, manufacture �2004.
300 ## - PHYSICAL DESCRIPTION
Extent 252 pages :
Other physical details ill. ;
Dimensions 18 cm.
336 ## - CONTENT TYPE
Content Type Term text
Content Type Code txt
Source rdacontent.
337 ## - MEDIA TYPE
Media Type Term unmediated
Media Type Code n
Source rdamedia.
338 ## - CARRIER TYPE
Carrier Type Term volume
Carrier Type Code nc
Source rdacarrier.
440 ## - SERIES STATEMENT/ADDED ENTRY--TITLE
Title Whitman classics.
504 ## - BIBLIOGRAPHY, ETC. NOTE
Bibliography, etc Includes bibliographical references (pages 343-346).
520 ## - SUMMARY, ETC.
Summary, etc Follows the adventures of Jo March and her husband Professor Bhaer as they try to make their school for boys a happy, comfortable, and stimulating place.
600 #0 - SUBJECT ADDED ENTRY--PERSONAL NAME
Personal name March, Jo
Titles and other words associated with a name (Fictitious character)
Form subdivision Juvenile fiction.
650 #0 - SUBJECT ADDED ENTRY--TOPICAL TERM
Topical term or geographic name as entry element Boarding schools
Form subdivision Juvenile fiction.
650 #0 - SUBJECT ADDED ENTRY--TOPICAL TERM
Topical term or geographic name as entry element American literature.
650 #0 - SUBJECT ADDED ENTRY--TOPICAL TERM
Topical term or geographic name as entry element Schools
Form subdivision Juvenile fiction.
650 #0 - SUBJECT ADDED ENTRY--TOPICAL TERM
Topical term or geographic name as entry element Families
Geographic subdivision New England
Form subdivision Juvenile fiction.
650 #0 - SUBJECT ADDED ENTRY--TOPICAL TERM
Topical term or geographic name as entry element Boarding schools
Form subdivision Fiction.
650 #0 - SUBJECT ADDED ENTRY--TOPICAL TERM
Topical term or geographic name as entry element Schools
Form subdivision Fiction.
651 #0 - SUBJECT ADDED ENTRY--GEOGRAPHIC NAME
Geographic name New England
General subdivision History
Chronological subdivision 19th century
Form subdivision Juvenile fiction.
651 #0 - SUBJECT ADDED ENTRY--GEOGRAPHIC NAME
Geographic name New England
General subdivision History
Chronological subdivision 19th century
Form subdivision Fiction.
856 42 - ELECTRONIC LOCATION AND ACCESS
Link text Publisher description
Uniform Resource Identifier <a href="http://catdir.loc.gov/catdir/enhancements/fy0718/2003070372-d.html">http://catdir.loc.gov/catdir/enhancements/fy0718/2003070372-d.html</a>
856 42 - ELECTRONIC LOCATION AND ACCESS
Link text Contributor biographical information
Uniform Resource Identifier <a href="http://catdir.loc.gov/catdir/enhancements/fy0718/2003070372-b.html">http://catdir.loc.gov/catdir/enhancements/fy0718/2003070372-b.html</a>
901 ## - LOCAL DATA ELEMENT A, LDA (RLIN)
a 1026096
b AUTOGEN
c 1026096
t biblio
910 ## - USER-OPTION DATA (OCLC)
User-option data (Sirsi) i9780451529350
942 ## - ADDED ENTRY ELEMENTS (KOHA)
Source of classification or shelving scheme Library of Congress Classification
Item type Books
Holdings
Withdrawn status Lost status Source of classification or shelving scheme Damaged status Not for loan Home library Current library Shelving location Date acquired Inventory number Total Checkouts Full call number Barcode Date last seen Price effective from Koha item type
    Library of Congress Classification     BSOP Library BSOP Library GC 11/13/2019 8806   PZ7 Al1l 00021599 11/13/2019 11/13/2019 Books
BSOP

Biblical Seminary of the Philippines
  All rights Reserved
  © 2024

CONTACT INFORMATION

Biblical Seminary of the Philippines,
  77-B Karuhatan Road, Valenzuela City,
  PHILIPPINES 1441
  Phone: +632 8292-6795 / 8292-6798
  Fax : +632 8292-6675
  Email: library@bsop.edu.ph